000 00595nam a2200229Ia 4500
003 OSt
005 20220918210054.0
006 a|||||r|||| 00| 0
007 ta
008 220917b |||||||| |||| 00| 0 eng d
024 _a119,026
037 _cTextual
040 _aARTS
_cARTS
_beng
041 _2eng
_aeng
082 _aV73:19.58.N69<-N29, L3
100 _aBohlen Charles E
_9117015
245 0 _aWitness to history 1929-1969
260 _c1973
650 _aHISTORY
942 _hV73:19.58.N69<-N29, L3
_cTEXL
_2CC
999 _c242295
_d242295